Utopie et réalité de l'urbanisme : La Chaux-de-Fonds, Chandigarh, Brasilia /
Gespeichert in:
| Weitere Verfasser: | |
|---|---|
| Format: | Buch |
| Sprache: | Französisch Englisch |
| Veröffentlicht: |
[s.l.] :
Infolio,
2014
|
| Ausgabe: | 1. vydanie |
| Schlagworte: | |
| Tags: |
Keine Tags, Fügen Sie das erste Tag hinzu!
|
MARC
| LEADER | 00000nam a22000003a 4500 | ||
|---|---|---|---|
| 001 | 0025850 | ||
| 003 | SK-STU | ||
| 005 | 20171221112540.1 | ||
| 007 | ta | ||
| 008 | 170906s ----xo-----e------000-0-----d | ||
| 020 | |a 978-2-88474-716-5 | ||
| 040 | |a STU |b slo | ||
| 041 | 0 | |a fre |a eng | |
| 245 | 1 | 0 | |a Utopie et réalité de l'urbanisme : |b La Chaux-de-Fonds, Chandigarh, Brasilia / |c ed. Kornelia Imesch |
| 246 | 3 | 1 | |a Utopia and the reality of urbanism in the 20th century : |b La Chaux-de-Fonds, Chandigarh, Brasilia / |
| 250 | |a 1. vydanie | ||
| 260 | |a [s.l.] : |b Infolio, |c 2014 | ||
| 300 | |a 219 s. | ||
| 650 | 0 | 7 | |a urbanizmus a územné plánovanie |
| 650 | 0 | 7 | |a vývoj stavby miest |
| 650 | 0 | 7 | |a metropoly |
| 650 | 0 | 7 | |a Brazília |
| 700 | 1 | |a Imesch, Kornelia |r Z6 |4 edt | |
| 996 | |b 284AU07036 |c A* 10291/U |l AAKNAR |s A |a 24 |w 0025850_0001 | ||